Central Library OPAC University of Rajshahi

Mobile libraries and other public library transport / (Record no. 22670)

MARC details
000 -LEADER
fixed length control field 00780nam a22002532a 4500
001 - CONTROL NUMBER
control field 22670
003 - CONTROL NUMBER IDENTIFIER
rucl marc code BD-RjUL
005 - DATE AND TIME OF LATEST TRANSACTION
control field 20211209000833.0
008 - FIXED-LENGTH DATA ELEMENTS--GENERAL INFORMATION
fixed length control field 140309s1967 enkabef b 000 0 eng d
035 ## - SYSTEM CONTROL NUMBER
System control number (BD-RjUL)22735
040 ## - CATALOGING SOURCE
Original cataloging agency DLC
Transcribing agency DLC
Modifying agency UKM
-- EQO
-- BD-RjUL
Language of cataloging eng
041 ## - LANGUAGE CODE
Language code of text/sound track or separate title eng
082 00 - DEWEY DECIMAL CLASSIFICATION NUMBER
Classification number 027.4
Author mark and year EAM 1967
100 1# - MAIN ENTRY--PERSONAL NAME
Personal name Eastwood, C. R.
Fuller form of name (Charles Ronald)
9 (RLIN) 69969
245 10 - TITLE STATEMENT
Title Mobile libraries and other public library transport /
Statement of responsibility, etc. by C. R. Eastwood
260 ## - PUBLICATION, DISTRIBUTION, ETC. (IMPRINT)
Place of publication, distribution, etc. London :
Name of publisher, distributor, etc. Association of Assistant Librarians,
Date of publication, distribution, etc. 1967
300 ## - PHYSICAL DESCRIPTION
Pagination 272 p. :
Illustrations 9 plates (incl. map), plans, tables. ;
Size 22 1/2 cm
500 ## - GENERAL NOTE
General note Include index
504 ## - BIBLIOGRAPHY, ETC. NOTE
Bibliography, etc Bibliography: p. 255-263
650 #0 - SUBJECT ADDED ENTRY--TOPICAL TERM
Topical term or geographic name as entry element Bookmobiles
9 (RLIN) 2701
942 ## - ADDED ENTRY ELEMENTS (KOHA)
Source of classification or shelving scheme Dewey Decimal Classification
Koha item type Books
Holdings
Lost status Source of classification or shelving scheme Damaged status Not for loan Collection code Permanent Location Current Location Shelving location Date acquired Source of acquisition Total Checkouts Full call number Date last seen Copy number Koha item type
  Dewey Decimal Classification     Non-fiction Central Library, University of Rajshahi Central Library, University of Rajshahi   15/12/1988 Britan   027.4 EAM 1967 09/03/2014 C-2 Books